000 00573nam a2200181Ia 4500
008 151018s9999 xx 000 0 und d
082 _bRBASDV2692
_a891.463
100 _aएडगर बरो राईस
245 _aटारझन भाग-८
250 _b1
260 _bचित्रशाळा प्रकाशन
_c1957
300 _a222
600 _aएडगर बरो राईस
630 _aटारझन भाग-८
700 _aएडगर बरो राईस
730 _aटारझन भाग-८
942 _cBOOK
999 _c1005109
_d1005106